000 00561nam a2200157 i 4500
001 183916
003 ES-MaACL
005 20230906222012.0
008 141126s1868 fr |||| | fre d
100 0 _aCholet, David de.
_938599
245 1 0 _aObjections contre la banque territoriale avec les réponses a ces objections /
_cpar David (de Cholet).
260 _aParis :
_b[s.n.],
_c1868 (
_fTyp. Fillet)
300 _a23 p. ;
_c26 cm.
594 _aAutor y título tomado de principio del texto, sin portada.
852 _aES-MaACL
_jT-1277-F-8
_z.- Donat. Bosch
999 _c183916
_d183916